CO MOŻEMY ZNALEŹĆ NA PLACU ZABAW? - Statystyki

Ogólne statystyki
  • Ten quiz został rozwiązany 73 razy
  • Średni wynik to 3 z 5
Statystyki odpowiedzi
Odpowiedź % Poprawnych
ZJEŻDŻALNIĘ
91%
HUŚTAWKĘ
86%
PIASKOWNICĘ
81%
KARUZELĘ
67%
ZABAWKI
25%
Nie znaleziono quizów pasujących do podanych kryteriów
Rozkład punktacji
Procent ludzi z każdym wynikiem
Percentyl według liczby udzielonych odpowiedzi
Twoja historia wyników
Nie rozwiązałeś tego quizu